| 000 | 00443nam a2200145 i 4500 | ||
|---|---|---|---|
| 001 | 55546 | ||
| 003 | ES-MaACL | ||
| 005 | 20230906163152.0 | ||
| 007 | t| | ||
| 008 | 030923s1967 sp ||||1| spa d | ||
| 245 | 0 | 0 |
_aDesarrollo del turismo y crecimiento económico _b: Seminario... de la OCDE. |
| 260 |
_a[Madrid : _bDirección General de Promoción del Turismo, _c1967] |
||
| 300 |
_a61 p. ; _c24 cm. |
||
| 852 |
_aES-MaACL _jC-32563 _bR.63445 |
||
| 999 |
_c55546 _d55546 |
||